The gift of change : Spiritual Guidance for a Radically New Life (Record no. 22822)

MARC details
000 -LEADER
fixed length control field 00564cam a2200193 a 4500
020 ## - INTERNATIONAL STANDARD BOOK NUMBER
ISBN 006058534X
082 04 - DEWEY DECIMAL CLASSIFICATION NUMBER
Classification number 158.1
Author Cutter WIL
100 1# - MAIN ENTRY--AUTHOR NAME
Author name Williamson, Marianne,
245 14 - TITLE STATEMENT
Title The gift of change : Spiritual Guidance for a Radically New Life
250 ## - EDITION STATEMENT
Edition statement 1st ed.
260 ## - PUBLICATION, DISTRIBUTION, ETC. (IMPRINT)
Place of publication San Francisco :
Name of publisher HarperSanFrancisco,
Year of publication c2004.
300 ## - PHYSICAL DESCRIPTION
Number of Pages x, 257 p. ;
650 #0 - SUBJECT ADDED ENTRY--TOPICAL TERM
Topical Term Change (Psychology)
650 #0 - SUBJECT ADDED ENTRY--TOPICAL TERM
Topical Term Life change events.
650 #0 - SUBJECT ADDED ENTRY--TOPICAL TERM
Topical Term Spiritual life.
856 42 - ELECTRONIC LOCATION AND ACCESS
Uniform Resource Identifier http://www.loc.gov/catdir/enhancements/fy1308/2005295017-b.html
942 ## - ADDED ENTRY ELEMENTS (KOHA)
Koha item type Books
Holdings
Home library Current library Shelving location Date acquired Source of acquisition Full call number Accession Number Koha item type
Henry Martyn Institute Library Henry Martyn Institute Library General stacks 01/22/2020 Lutheran School of Theology, Chicago. 158.1 WIL 11004131 Books
                   Copyright © 2026 | Henry Martyn Institute | Hyderabad | TS-500052 | INDIA | Implemented by hmi.edu.in
Hit-Count:

Powered by Koha